Etudes sur l'art flamand (Record no. 63710)

MARC details
000 -LEADER
campo de control de longitud fija 00618nam a2200181 i 4500
001 - NÚMERO DE CONTROL
campo de control 63710
003 - IDENTIFICADOR DE NÚMERO DE CONTROL
campo de control ES-MaACL
005 - FECHA Y HORA DE LA ÚLTIMA TRANSACCIÓN
campo de control 20250804072822.0
007 - CAMPO FIJO DE DESCRIPCIÓN FÍSICA--INFORMACIÓN GENERAL
campo de control de longitud fija t|
008 - DATOS DE LONGITUD FIJA--INFORMACIÓN GENERAL
campo de control de longitud fija 031216s1905 be ||||1| fre d
100 1# - ENTRADA PRINCIPAL--NOMBRE DE PERSONA
Nombre de persona Fierens-Gevaert, Hippolyte.
9 (RLIN) 50707
245 10 - MENCIÓN DEL TÍTULO
Título Etudes sur l'art flamand
Resto del título : la renaissance septentrionale et les premiers maitres de Flandres /
Mención de responsabilidad, etc. par Fierens-Gevaert.
260 ## - PUBLICACIÓN, DISTRIBUCIÓN, ETC.
Lugar de publicación, distribución, etc. Bruxelles :
Nombre del editor, distribuidor, etc. [s.n.],
Fecha de publicación, distribución, etc. 1905 (
Lugar de fabricación/manufactura Anvers :
Fabricante J. E. Buschmann)
300 ## - DESCRIPCIÓN FÍSICA
Extensión 223 p., 22 lám. ;
Dimensiones 28 cm.
650 #7 - PUNTO DE ACCESO ADICIONAL DE MATERIA--TÉRMINO DE MATERIA
Término de materia o nombre geográfico como elemento de entrada Arte flamenco
Fuente del encabezamiento o término embne
9 (RLIN) 165552
852 ## - LOCALIZACIÓN
Ubicación ES-MaACL
Número de control de estantería F-11519
Holdings
Estatus retirado Estado de pérdida Estado de daño No para préstamo Biblioteca de origen Biblioteca actual Ubicación en estantería Fecha de adquisición Fuente de adquisición Total de préstamos Signatura topográfica completa Código de barras Visto por última vez Precio de reemplazo Tipo de ítem Koha
        Biblioteca del Ateneo de Madrid Biblioteca del Ateneo de Madrid Sala Pecera Planta 2 17/01/2008     F-11519 1066771 23/02/2023 23/02/2023 Libro impreso